Statistiques concernant Devinez le Département Mystère #40

Cliquez ici pour prendre le quiz!

Statistiques générales

  • Ce quiz a été pris 101 fois
  • Le résultat moyen est 30 sur 39

Statistiques - réponses

Type de RéponseRéponse% Correct
Lettre TrouvéeE
100%
Lettre TrouvéeA
99%
Lettre TrouvéeN
99%
Lettre de l'AlphabetI
97%
Lettre TrouvéeL
97%
Lettre TrouvéeT
97%
Lettre TrouvéeO
95%
Lettre TrouvéeR
95%
Lettre de l'AlphabetS
95%
Lettre de l'AlphabetD
94%
Lettre de l'AlphabetU
94%
Lettre de l'AlphabetH
90%
Lettre de l'AlphabetM
88%
Lettre de l'AlphabetV
88%
Lettre de l'AlphabetC
84%
Lettre de l'AlphabetP
81%
Lettre de l'AlphabetB
77%
Lettre de l'AlphabetF
73%
Lettre de l'AlphabetY
73%
Lettre TrouvéeG
69%
Lettre de l'AlphabetZ
68%
Lettre de l'AlphabetQ
67%
Lettre de l'AlphabetJ
65%
Lettre de l'AlphabetX
63%
Lettre Bien PlacéeA
61%
Lettre Bien PlacéeE
61%
Lettre Bien PlacéeE
61%
Lettre Bien PlacéeG
61%
Lettre de l'AlphabetK
61%
Lettre Bien PlacéeL
61%
Département MystèreLot-et-Garonne
61%
Lettre Bien PlacéeN
61%
Lettre Bien PlacéeN
61%
Lettre Bien PlacéeO
61%
Lettre Bien PlacéeO
61%
Lettre Bien PlacéeR
61%
Lettre Bien PlacéeT
61%
Lettre Bien PlacéeT
61%
Lettre de l'AlphabetW
61%

Distribution des résultats

Percentile par nombre de réponses

% des personnes avec chaque résultat

Votre développement - résultats

Vous n’avez pas pris ce quiz